000
00260nam a22001217a 4500
003
OSt
008
241219b |||||||| |||| 00| 0 eng d
041
_a
eng
082
_a
625.7
_b
PRI/RO
100
_a
Priyani, VB
_9
6518
245
_a
Road Engineering
942
_c
BK
999
_c
18698
_d
18698